000 00495nam a2200169Ia 4500
008 180921t2003 xxu||||| |||| 00| 0 sin d
041 _asin
080 _a626.21
_bANA
100 _aRanasinghe, Kokila
_eed.
245 _aලෝක ජල දිනය 2003 මාර්තු 22
246 _aWorkd water day 2003 22nd March
260 _bNational water supply and drainage board
_c2003
300 _a100p., 32 cm
942 _cBK
999 _c14657
_d14657
003 LK-CoDNM
040 _aLK-CoDNM
_dLK-CoDNM
_eLK-CoDNM